| 000 | 00381nam a22001457a 4500 | ||
|---|---|---|---|
| 003 | OSt | ||
| 005 | 20211122084615.0 | ||
| 008 | 211122b |||||||| |||| 00| 0 eng d | ||
| 040 |
_a100415168333 _cHU _dDDC |
||
| 082 | _a363.34929/DRO | ||
| 245 | _aDROUGHT A GLOBAL ASSESSMENT VOLUME I | ||
| 260 |
_aLONDON _bROUTLEDGE _c2000 |
||
| 300 |
_axxvi 396P 25cm _bill |
||
| 942 |
_2ddc _cBOOKS _n0 |
||
| 999 |
_c19348 _d19348 |
||